Score 0/30 Timer 03:00
0 Plays Today
Hint Answer % Correct
Paul RuddYear
96.9%
Peter O'TooleArabia
96.3%
Mary McDonnellDay
94.3%
Paul NewmanSundance
93.7%
Mary McDonnellDances
89.5%
Paul NewmanRoad
87.6%
Mary AstorFalcon
85.9%
Peter FondaEasy
84.3%
Mary AstorLouis
83.9%
Paul RuddRules
83.5%
Paul RuddMuseum
81.9%
Paul RuddSarah
81.1%
Peter O'TooleMancha
74.4%
Mary McDonnellGrand
73.5%
Peter FondaYuma
73.1%
Hint Answer % Correct
Peter O'ToolePussycat
73%
Peter O'TooleLast
70.6%
Paul NewmanTowering
68.9%
Mary McDonnellDarko
67%
Mary AstorYoung
65.5%
Peter FondaWild
59.6%
Mary McDonnellFox
59.2%
Paul RuddMonsters
57.4%
Peter O'TooleLion
56.2%
Mary AstorJuan
51.7%
Mary AstorBeach
45.8%
Paul NewmanProxy
43.8%
Peter FondaGold
43.1%
Peter FondaEscape
41.8%
Paul NewmanBronx
35.4%

Today's Daily Dose

Remove Ads.
Support Sporcle.
Get the best of Sporcle when you Go Orange. This ad-free experience offers more features, more stats, and more fun while also helping to support Sporcle. Thank you for becoming a member.

You're not logged in!

Compare scores with friends on all Sporcle quizzes.
OR
Log In

Show Comments

Extras

Top Quizzes Today


Score Distribution

Your Account Isn't Verified!

In order to create a playlist on Sporcle, you need to verify the email address you used during registration. Go to your Sporcle Settings to finish the process.

Report this User

Report this user for behavior that violates our Community Guidelines.

Details: